00488nam a2200145Ia 4500082001200000100002400012245007500036260004000111300000800151504002600159650004500185650003200230650003800262650004200300 aTS.0932 aSingh, Deepak Kumar 0aChakma issue in Arunachal Pradesh; realities, perceptions and policies c2003bPanjab University, Chandigarh a251 aincludes bibliography aChakma (Asian people)vArunachal Pradesh aRefugeesvArunachal Pradesh aMigrant labourvIndia, North East aIndigenous peoplesvIndia, North East